| 000 | 01012nam a2200253Ia 4500 | ||
|---|---|---|---|
| 001 | ebr10001970 | ||
| 003 | CaPaEBR | ||
| 006 | m u | ||
| 007 | cr cn||||||||| | ||
| 008 | 930108s2001 vau s 000 0 eng d | ||
| 040 |
_aCaPaEBR _cCaPaEBR |
||
| 035 | _a(OCoLC)680613309 | ||
| 050 | 1 | 4 |
_aHQ1596 _b.W65 2001eb |
| 100 | 1 |
_aWollstonecraft, Mary, _d1759-1797. |
|
| 245 | 1 | 2 |
_aA vindication of the rights of woman _h[electronic resource] / _cby Mary Wollstonecraft. |
| 260 |
_aBlacksburg, VA : _bVirginia Tech, _c2001. |
||
| 300 | _a155 p. | ||
| 533 |
_aElectronic reproduction. _bPalo Alto, Calif. : _cebrary, _d2010. _nAvailable via World Wide Web. _nAccess may be limited to ebrary affiliated libraries. |
||
| 650 | 0 |
_aWomen's rights _zGreat Britain. |
|
| 650 | 0 |
_aWomen _xEducation _zGreat Britain. |
|
| 655 | 7 |
_aElectronic books. _2local |
|
| 710 | 2 | _aebrary, Inc. | |
| 856 | 4 | 0 |
_uhttp://site.ebrary.com/lib/rucke/Doc?id=10001970 _zAn electronic book accessible through the World Wide Web; click to view |
| 999 |
_c20109 _d20109 |
||